000 00475nam a2200181Ia 4500
003 GCL
008 140319s9999 xx 000 0 ara d
040 _aGCL /
_cGCL
082 0 4 _a252.3
_bح ر
100 1 _aحسن عبدالوهاب
245 1 0 _aرمضان /
_cحسن عبدالوهاب
300 _a110 ص
490 _aالمكتبة الثقافية
_v0
650 0 4 _aالاسلام
650 0 4 _aالعبادات
650 0 4 _aالديانات
942 _2ddc
_cBK
999 _c40768
_d40768